Lieux par lettre - E - Statistiques

Statistiques générales
  • Ce quiz a été pris 1 985 fois
  • Le résultat moyen est 11 sur 20
Statistiques - réponses
Indice Lieu % Correct
Plus haut sommet du Monde Everest
99%
Pays de Néfertiti Égypte
92%
Jardin d'Adam et Ève Éden
89%
Capitale de l'Écosse Édimbourg
86%
Le Vieux Continent Europe
82%
Un des pays baltes Estonie
81%
Royaume d'Hadès Enfers
78%
Gratte-ciel escaladé par King Kong Empire State Building
71%
Napoléon y fut exilé "300 jours" île d'{Elbe}
70%
Contrée mythique d'Amérique du Sudsupposée regorger d'or El Dorado
60%
Pays auquel sont rattachés les Galapagos Équateur
53%
Haïlé Sélassié Iᵉʳ dirigea ce pays Éthiopie
52%
Ancien nom de Tokyo Edo
43%
Un des Grands Lacs d'Amérique du Nord Érié
37%
Préfecture de l'Eure Évreux
34%
Vaisseau spatial, décor principal des séries Star Trek USS {Enterprise}
23%
Capitale de l'Alberta Edmonton
19%
Lune forestière habitée par les ewoks Endor
17%
Rue où se trouve la mythique maison des Simpson {Evergreen} Terrace
14%
Communauté autonome espagnole, frontalière du Portugal Estrémadure
10%
Aucun quiz correspondant
Distribution des résultats
% des personnes avec chaque résultat
Percentile par nombre de réponses
Votre historique - résultats
Vous n’avez pas pris ce quiz